Understanding gender (Record no. 54724)

MARC details
000 -LEADER
fixed length control field 01604nam a22002657a 4500
005 - DATE AND TIME OF LATEST TRANSACTION
control field 20110805121740.0
010 ## - LCCN (DPL NO)
LC control number B-427572-576
020 ## - INTERNATIONAL STANDARD BOOK NUMBER
International Standard Book Number 8188965197
Terms of availability 70.00
035 ## - SYSTEM CONTROL NUMBER
System control number B-427572-576
037 ## - SOURCE OF ACQUISITION
Source of stock number/acquisition Virtuous Publications
082 ## - DEWEY DECIMAL CLASSIFICATION NUMBER
Classification number 305.42
100 ## - MAIN ENTRY--PERSONAL NAME
Personal name Bhasin, Kamla
245 ## - TITLE STATEMENT
Title Understanding gender
Statement of responsibility, etc by Kamla Bhasin
260 ## - PUBLICATION, DISTRIBUTION, ETC. (IMPRINT)
Place of publication, distribution, etc New Delhi
Name of publisher, distributor, etc Women unlimited
Date of publication, distribution, etc 2010.
270 ## - ADDRESS
Address K-36, Hauz Khas
City New Delhi
300 ## - PHYSICAL DESCRIPTION
Extent 86p.
Dimensions 22 cm (Pbk)
650 ## - SUBJECT ADDED ENTRY--TOPICAL TERM
Topical term or geographic name as entry element Gender
942 ## - ADDED ENTRY ELEMENTS (KOHA)
Source of classification or shelving scheme Dewey Decimal Classification
Item type English Books
Classification part 305.42
Call number suffix BHA
Holdings
Withdrawn status Lost status Not for loan Collection code Home library Current library Date acquired Source of acquisition Cost, normal purchase price Full call number Barcode Copy number Cost, replacement price Koha item type
      Non-fiction Bawana Bawana 05/08/2011 Virtuous Publications/86/24.3.11/74/4.3.11/29.3.11 70.00 305.42 BHA B-427575 1 70.00 English Books
      Non-fiction Central Library Central Library 05/08/2011 Virtuous Publications/86/24.3.11/74/4.3.11/29.3.11 70.00 305.42 BHA B-427572 1 70.00 English Books
      Non-fiction Patel Nagar Patel Nagar 05/08/2011 Virtuous Publications/86/24.3.11/74/4.3.11/29.3.11 70.00 305.42 BHA B-427573 1 70.00 English Books
  Written-off vide DLB M. No. 383 dt 16.05.19   Non-fiction Sarojini Nagar Sarojini Nagar 05/08/2011 Virtuous Publications/86/24.3.11/74/4.3.11/29.3.11 70.00 305.42 BHA B-427574 1 70.00 English Books
      Non-fiction Shahdara Branch Shahdara Branch 05/08/2011 Virtuous Publications/86/24.3.11/74/4.3.11/29.3.11 70.00 305.42 BHA B-427576 1 70.00 English Books

© Delhi Public Library
Hit Counter
free hit counter